Human anatomy: a clinically-orientated approach, an illustrated colour text (Record no. 64169)

MARC details
000 -LEADER
fixed length control field 00810nam a2200169 a 4500
008 - FIXED-LENGTH DATA ELEMENTS--GENERAL INFORMATION
fixed length control field 120227s2007 ||||||||||||||||| || u
020 ## - INTERNATIONAL STANDARD BOOK NUMBER
International Standard Book Number 9780443103735
050 ## - LIBRARY OF CONGRESS CALL NUMBER
Classification number QM 25 Jac
100 ## - MAIN ENTRY--PERSONAL NAME
Personal name Jacob, Sam
245 10 - TITLE STATEMENT
Title Human anatomy: a clinically-orientated approach, an illustrated colour text
Statement of responsibility, etc. by Sam Jacob
260 ## - PUBLICATION, DISTRIBUTION, ETC.
Place of publication, distribution, etc. Edinburgh
Name of publisher, distributor, etc. Churchill Livingstone
Date of publication, distribution, etc. 2007
300 ## - PHYSICAL DESCRIPTION
Extent vii, 235p.: ill.
350 ## -
-- 0.00
650 ## - SUBJECT ADDED ENTRY--TOPICAL TERM
Topical term or geographic name entry element HUMAN ANATOMY--ATLASES
995 ## -
-- MICHAEL CHILUFYA SATA OPEN ACCESS
-- 903236
-- CBU-SCHOOL OF MEDICINE LIBRARY (Ndola)
-- 50.95
-- QM 25 Jac
-- 2
-- AVAILABLE
-- Jan 18, 2016
-- 903236
-- Medical Library Open Access Collection
995 ## -
-- MICHAEL CHILUFYA SATA OPEN ACCESS
-- 901718
-- CBU-SCHOOL OF MEDICINE LIBRARY (Ndola)
-- 0.00
-- QM 25 Jac
-- 1
-- REFERENCE
-- Jun 22, 2012
-- 901718
-- Reference Collection
999 ## -
-- 64169
-- 64169

No items available.